|
|
|
|
| LEADER |
00000nam0a2200000 4500 |
| 001 |
328037 |
| 005 |
20231102004024.0 |
| 010 |
|
|
|a 9785000577226
|
| 035 |
|
|
|a (RuTPU)RU\TPU\book\353726
|
| 090 |
|
|
|a 328037
|
| 100 |
|
|
|a 20170209d2016 km y0rusy50 ca
|
| 101 |
1 |
|
|a rus
|c eng
|
| 102 |
|
|
|a RU
|
| 105 |
|
|
|a y z 001zy
|
| 200 |
1 |
|
|a Scrum. Революционный метод управления проектами
|e пер. с англ.
|f Д. Сазерленд
|
| 210 |
|
|
|a Москва
|c Манн, Иванов и Фербер
|d 2016
|
| 215 |
|
|
|a 279 с.
|
| 225 |
1 |
|
|a Библиотека Сбербанка
|v Т. 60
|
| 320 |
|
|
|a Библиогр. в примеч.: с. 271-275
|
| 330 |
|
|
|a Методика Scrum — решение, найденное Джеффом Сазерлендом, чтобы преодолеть классические недостатки управления проектами: отсутствие слаженной работы внутри команды, невыполнение намеченных планов, дублирование задач внутри подразделений и т. д. В отличие от старого «поэтапного» подхода, при котором выбрасываются на ветер огромные средства и который зачастую так ни к чему и не приводит, Scrum позволяет выполнять обязательства меньшими силами, в короткие сроки и с низкими затратами, а итоговый продукт отличается отменным качеством. Сегодня Scrum уже прочно закрепился в управленческом арсенале большинства технологичных компаний мира. Теперь этот инструмент повышения продуктивности доступен и вам.
|
| 606 |
1 |
|
|a Управление проектами
|2 stltpush
|3 (RuTPU)RU\TPU\subj\37171
|9 58292
|
| 610 |
1 |
|
|a экономика
|
| 610 |
1 |
|
|a проектный менеджмент
|
| 610 |
1 |
|
|a Scrum
|
| 610 |
1 |
|
|a команды
|
| 610 |
1 |
|
|a командные методы
|
| 610 |
1 |
|
|a планирование
|
| 610 |
1 |
|
|a проектная команда
|
| 610 |
1 |
|
|a дублирование
|
| 610 |
1 |
|
|a экономические потери
|
| 610 |
1 |
|
|a качество
|
| 686 |
|
|
|a У821
|v LBC/SL-A
|2 rubbk
|
| 700 |
|
1 |
|a Сазерленд
|b Д.
|g Джефф
|
| 801 |
|
1 |
|a RU
|b 63413507
|c 20170209
|
| 801 |
|
2 |
|a RU
|b 63413507
|c 20170220
|g RCR
|
| 942 |
|
|
|c BK
|